[Event "2nd Sharjah Masters 2018"]
[Site "Sharjah UAE"]
[Date "2018.04.18"]
[Round "8.7"]
[White "Mareco, Sandro"]
[Black "Jones, Gawain C B"]
[Result "1-0"]
[WhiteTitle "GM"]
[BlackTitle "GM"]
[WhiteElo "2645"]
[BlackElo "2675"]
[WhiteFideId "112275"]
[BlackFideId "409561"]
[EventDate "2018.04.12"]

1. d4 Nf6 2. c4 g6 3. Nf3 Bg7 4. g3 b6 5. Nc3 Bb7 6. d5 O-O 7. Bg2 Re8 8. O-O e5
9. e4 Na6 10. Be3 c6 11. Nd2 d6 12. Re1 h5 13. h3 Nc5 14. Bf1 cxd5 15. cxd5 Ba6
16. Bxa6 Nxa6 17. Qe2 Nc7 18. Nb5 Nxb5 19. Qxb5 h4 20. g4 Nh7 21. Kh2 Bf6 22.
Rac1 Bg5 23. Rc6 Qf6 24. Kg2 Re7 25. Qe2 Rd7 26. Rec1 Rf8 27. Rc8 Bf4 28. Rxf8+
Kxf8 29. Nf3 Ng5 30. Nxh4 Bxe3 31. Qxe3 Nxe4 32. Nf3 Qf4 33. Qxf4 exf4 34. Rc4
Nf6 35. Rxf4 Nxd5 36. Rd4 Nf6 37. Rc4 Re7 38. Nd4 Kg7 39. Rc2 d5 40. f3 Ne8 41.
Kf2 Nd6 42. h4 Nb7 43. Nc6 Rc7 44. Nb4 Nc5 45. Rd2 Na4 46. Ke3 Rc5 47. Nd3 Rc8
48. Nf4 Rh8 49. h5 Re8+ 50. Kf2 Re5 51. hxg6 fxg6 52. Nxd5 Kf7 53. Nf4 g5 54.
Ne2 a5 55. b3 Nc5 56. Nc3 Re6 57. Nb5 Rh6 58. Nd6+ Kf6 59. Kg3 Rh1 60. Nc4 a4
61. b4 Ne6 62. Nxb6 a3 63. Nd7+ Ke7 64. Nc5 Nxc5 65. bxc5 Rg1+ 66. Rg2 Rc1 67.
Re2+ Kf6 68. Re3 Rxc5 69. Rxa3 Rc2 70. f4 gxf4+ 71. Kxf4 Rc4+ 72. Kg3 Rc2 73.
Rf3+ Kg6 74. a4 Ra2 75. Rf4 Ra1 76. Kf3 Ra3+ 77. Ke2 Kg5 78. Re4 Rc3 79. Kd2 Rc5
80. Kd3 Ra5 81. Kc3 Ra8 82. Kb4 Rb8+ 83. Kc5 Ra8 84. Kb6 Rb8+ 85. Kc6 1-0

[Event "2nd Sharjah Masters 2018"]
[Site "Sharjah UAE"]
[Date "2018.04.18"]
[Round "8.8"]
[White "Grandelius, Nils"]
[Black "Jumabayev, Rinat"]
[Result "1/2-1/2"]
[WhiteTitle "GM"]
[BlackTitle "GM"]
[WhiteElo "2652"]
[BlackElo "2612"]
[WhiteFideId "1710400"]
[BlackFideId "13702661"]
[EventDate "2018.04.12"]

1. e4 c5 2. Nf3 d6 3. d4 cxd4 4. Nxd4 Nf6 5. Nc3 Nc6 6. Bc4 Qb6 7. Nb3 e6 8. Bf4
Ne5 9. Be2 Bd7 10. g4 h6 11. h4 Qc7 12. Rg1 Bc6 13. Qd4 Nexg4 14. Bxg4 e5 15.
Qd2 exf4 16. Qxf4 Nxg4 17. Qxg4 h5 18. Qe2 g6 19. O-O-O Be7 20. Nd4 O-O-O 21.
Ncb5 Qb6 22. Rg3 Bxb5 23. Nxb5 a6 24. Nd4 Rd7 25. Rb3 Qa7 26. e5 Re8 27. e6 fxe6
28. Qc4+ Rc7 29. Qxe6+ Kb8 30. Qxg6 Rec8 31. c3 Bxh4 32. Qxd6 Qc5 33. Qxa6 Bxf2
34. Qd3 Qc4 35. Qxc4 Rxc4 36. Nf5 Rh8 37. Rb5 h4 38. Rd7 Rc7 39. Rxc7 Kxc7 40.
Nxh4 Rxh4 41. Kc2 Kc6 42. Rf5 Rh2 43. Kb3 Be3 44. Rf1 Re2 45. Rd1 Bd2 46. Kc2
Bf4+ 47. Kb3 Rf2 48. Rg1 Kd5 49. Rd1+ Ke5 50. Re1+ Kf5 51. Re7 b6 52. Rb7 Rg2
53. Rxb6 Bc1 54. Kc4 Bxb2 55. a4 Rg4+ 56. Kb3 Bc1 57. a5 Be3 58. Rb7 Rg1 59. Kc4
Ke6 60. Kb5 Kd6 61. Rf7 Rg5+ 62. Ka6 Kc6 63. Rf6+ Kc5 64. Re6 Bg1 65. Rh6 Rg7
66. Rh5+ Kc4 67. Rh4+ Kxc3 68. Kb5 Rg5+ 69. Kc6 Rxa5 70. Rh1 Rg5 71. Rh4 Kd3 72.
Kd6 Bf2 73. Rh1 Ke4 74. Rf1 Rg6+ 75. Kd7 Bd4 76. Re1+ Kd5 77. Rd1 Rg7+ 78. Kd8
Rh7 79. Rd2 Ke5 80. Kc8 Bc5 81. Rd7 Be7 82. Kb7 Ke6 83. Kc6 Rh1 84. Rd2 Rc1+ 85.
Kb5 Bd6 86. Rd3 Be5 87. Kb4 Rc8 88. Rd1 Kf5 89. Kb5 Ke4 90. Rh1 Kd5 91. Rh5 Rb8+
92. Ka5 Rb1 93. Rg5 Kd4 94. Ka6 Bd6 95. Rb5 Rh1 96. Rg5 Be7 97. Rf5 Bc5 98. Kb5
Rb1+ 99. Kc6 Rb6+ 100. Kd7 Rd6+ 101. Ke8 Rh6 102. Kd7 Bd6 103. Rf1 Be5 104. Rd1+
Ke4 105. Re1+ Kf5 106. Rd1 Rh7+ 107. Kc6 Rc7+ 108. Kb5 Ke4 109. Rh1 Kd5 110. Rh5
Rb7+ 111. Ka5 Kd4 112. Ka6 Rb8 113. Rg5 Bd6 114. Rb5 Rd8 115. Kb6 Kc4 116. Rh5 1/2-1/2

[Event "2nd Sharjah Masters 2018"]
[Site "Sharjah UAE"]
[Date "2018.04.18"]
[Round "8.9"]
[White "Adly, Ahmed"]
[Black "Kovalev, Vladislav"]
[Result "1-0"]
[WhiteTitle "GM"]
[BlackTitle "GM"]
[WhiteElo "2626"]
[BlackElo "2648"]
[WhiteFideId "10601619"]
[BlackFideId "13504398"]
[EventDate "2018.04.12"]

1. Nf3 Nf6 2. c4 g6 3. g3 Bg7 4. Bg2 c5 5. O-O O-O 6. d4 cxd4 7. Nxd4 Nc6 8. Nc3
d6 9. Nxc6 bxc6 10. Bxc6 Rb8 11. Bg2 Qa5 12. Qd2 Be6 13. b3 Rxb3 14. axb3 Qxa1
15. Nb5 a6 16. Na7 Bd7 17. Nc6 Bxc6 18. Bxc6 Qe5 19. Qa2 Ne4 20. Qxa6 Nc5 21.
Qa2 Qc3 22. Bg5 Bf6 23. Bxf6 exf6 24. Rb1 Rb8 25. Bd5 Rxb3 26. Rxb3 Qxb3 27. Qa7
Ne6 28. Qe7 Qd1+ 29. Kg2 Qxe2 30. Qxd6 g5 31. h3 f5 32. Bxe6 Qe4+ 33. Kg1 Qe1+
34. Kg2 Qe4+ 35. Kh2 fxe6 36. c5 Kf7 37. Qd7+ Kg6 38. c6 Qe2 39. Qe8+ Kh6 40.
Qf8+ Kh5 41. Qc5 Qa6 42. c7 Qc8 43. Qe7 Qa8 1-0

[Event "2nd Sharjah Masters 2018"]
[Site "Sharjah UAE"]
[Date "2018.04.18"]
[Round "8.10"]
[White "Tabatabaei, M.amin"]
[Black "Abdusattorov, Nodirbek"]
[Result "1/2-1/2"]
[WhiteTitle "IM"]
[BlackTitle "IM"]
[WhiteElo "2605"]
[BlackElo "2540"]
[WhiteFideId "12521213"]
[BlackFideId "14204118"]
[EventDate "2018.04.12"]

1. Nf3 Nf6 2. c4 c5 3. Nc3 Nc6 4. g3 g6 5. Bg2 Bg7 6. d4 cxd4 7. Nxd4 O-O 8. O-O
Qa5 9. e3 d6 10. Bxc6 bxc6 11. Nxc6 Qc7 12. Nd5 Nxd5 13. cxd5 Bh3 14. Re1 e6 15.
Bd2 Bxb2 16. Rb1 Bg7 17. e4 Qd7 18. Qb3 exd5 19. exd5 Rfe8 20. Bc3 Bf5 21. Rbc1
Bxc3 22. Qxc3 Rxe1+ 23. Rxe1 Re8 24. Re3 Rxe3 25. Qxe3 Qb7 26. Qb3 Qxb3 27. axb3
Bc2 28. Nxa7 Bxb3 29. Nc8 Kf8 30. Nxd6 Bxd5 31. f4 Ke7 32. Nb5 Bc4 33. Nd4 h5
34. Kf2 Bd5 35. Ke3 Kf6 36. Nc2 Bb3 37. Ne1 Kf5 38. h3 Bd5 39. Nf3 Bxf3 40. Kxf3
g5 41. fxg5 Kxg5 42. Ke4 f5+ 43. Ke5 h4 44. gxh4+ Kxh4 45. Kxf5 Kxh3 46. Ke4 1/2-1/2

[Event "2nd Sharjah Masters 2018"]
[Site "Sharjah UAE"]
[Date "2018.04.18"]
[Round "8.11"]
[White "Rakhmanov, Aleksandr"]
[Black "Iniyan, P"]
[Result "1/2-1/2"]
[WhiteTitle "GM"]
[BlackTitle "IM"]
[WhiteElo "2652"]
[BlackElo "2466"]
[WhiteFideId "4173708"]
[BlackFideId "25002767"]
[EventDate "2018.04.12"]

1. c4 Nf6 2. Nc3 g6 3. g3 Bg7 4. Bg2 O-O 5. d3 d6 6. h3 c6 7. e4 c5 8. Nge2 Nc6
9. Be3 a6 10. O-O Rb8 11. a4 Nd7 12. f4 Nd4 13. g4 b6 14. Rb1 Bb7 15. Qd2 Nb3
16. Qd1 Nd4 17. g5 e6 18. h4 Bc6 19. Ng3 b5 20. axb5 axb5 21. cxb5 Nxb5 22. Nce2
Nd4 23. f5 Nxe2+ 24. Qxe2 Be5 25. Nh1 exf5 26. exf5 Bxg2 27. Qxg2 Rb4 28. Qh3
Bxb2 29. Nf2 Ne5 30. Rxb2 Rxb2 31. Ne4 Nd7 32. h5 d5 33. hxg6 fxg6 34. fxg6 hxg6
35. Qe6+ Kh8 36. Qh3+ Kg8 37. Qe6+ 1/2-1/2

[Event "2nd Sharjah Masters 2018"]
[Site "Sharjah UAE"]
[Date "2018.04.18"]
[Round "8.12"]
[White "Iturrizaga Bonelli, Eduardo"]
[Black "Sundararajan, Kidambi"]
[Result "1-0"]
[WhiteTitle "GM"]
[BlackTitle "GM"]
[WhiteElo "2624"]
[BlackElo "2436"]
[WhiteFideId "3901211"]
[BlackFideId "5005370"]
[EventDate "2018.04.12"]

1. d4 d5 2. Nf3 Nf6 3. c4 c6 4. Nc3 a6 5. Bg5 dxc4 6. a4 h6 7. Bh4 Qb6 8. Qc2 a5
9. e3 Be6 10. Nd2 Nbd7 11. Bxc4 Bxc4 12. Nxc4 Qb4 13. Qe2 Nb6 14. Ne5 Nbd7 15.
Bxf6 Nxf6 16. Nc4 e6 17. O-O Be7 18. Ra3 Bd8 19. e4 O-O 20. Rd1 Bc7 21. e5 Nd5
22. Ne4 Nf4 23. Qc2 Qe7 24. Qd2 Nd5 25. Ne3 f5 26. Nxd5 cxd5 27. Nc3 Rac8 28.
Rb3 Bb8 29. Nb5 f4 30. Qxa5 f3 31. Qd2 Qh4 32. Rxf3 Rxf3 33. gxf3 Rf8 34. Rc1
Rxf3 35. Rc8+ Kh7 36. Rxb8 Qg4+ 37. Kf1 Qh3+ 38. Ke1 Qf5 39. Nd6 Qg6 40. Kf1
Qb1+ 41. Ke2 Rb3 42. Rxb7 Rxb7 43. Nxb7 Qe4+ 44. Qe3 Qc2+ 45. Kf3 Qf5+ 46. Qf4
Qd3+ 47. Kg2 Qg6+ 48. Qg3 Qe4+ 49. Qf3 Qg6+ 50. Kh3 1-0

[Event "2nd Sharjah Masters 2018"]
[Site "Sharjah UAE"]
[Date "2018.04.18"]
[Round "8.13"]
[White "Petrosian, Tigran L."]
[Black "Vignesh, N R"]
[Result "1/2-1/2"]
[WhiteTitle "GM"]
[BlackTitle "IM"]
[WhiteElo "2609"]
[BlackElo "2475"]
[WhiteFideId "13301616"]
[BlackFideId "25012215"]
[EventDate "2018.04.12"]

1. Nf3 d5 2. g3 Nf6 3. Bg2 c6 4. c4 Bg4 5. Ne5 Be6 6. O-O Nbd7 7. cxd5 Bxd5 8.
Nf3 e5 9. Nc3 Bxf3 10. Bxf3 Bc5 11. d3 O-O 12. Rb1 a5 13. a3 Re8 14. Bd2 Qe7 15.
Qc2 Bd6 16. Bg2 Nc5 17. b4 axb4 18. axb4 Ne6 19. Qb2 Red8 20. Rfd1 h6 21. e3 Bc7
22. Be1 Rd7 23. Qc2 Rad8 24. Na4 b5 25. Nb2 c5 26. bxc5 Qxc5 27. Qxc5 Nxc5 28.
Bc6 Rd6 29. Bxb5 Rb8 30. Nc4 Rxd3 31. Bc6 Rxd1 32. Rxd1 e4 33. Bc3 Rd8 34. Rb1
Nd5 35. Bd4 Ne7 36. Bb5 Ne6 37. Ba1 Nc5 38. Kg2 Rb8 39. Nd2 Nf5 40. Bc6 Rxb1 41.
Nxb1 Ne7 42. Bb5 Ng6 43. Bd4 Ne6 44. Ba7 f5 45. Bc4 Kf7 46. Nc3 Ne5 47. Bb3 Nc6
48. Nd5 Be5 49. Bb6 Ne7 50. Nc7 Bxc7 51. Bxc7 Nc6 52. Bd6 Kf6 53. Ba3 Ne5 54.
Bb4 g6 55. Bc3 Ng5 56. h3 h5 57. Ba4 Nf3 58. Bb4 g5 59. Bb3 g4 60. Bd5 h4 61.
hxg4 Nxg4 62. gxh4 Nxh4+ 63. Kg3 Ng6 64. Ba5 N6e5 65. Bd8+ Kg6 66. Bb6 Nd3 67.
f3 exf3 68. Kxf3 Nde5+ 69. Kg3 Nf6 70. Bb7 Ne4+ 71. Kf4 Nd3+ 72. Kf3 Ne5+ 73.
Ke2 Nd6 74. Bd5 Nd7 75. Bd4 Nf6 76. Bc6 Ng4 77. Bd5 Nf6 78. Ba2 Nde4 79. Be6 Ng4
80. Bb6 Kf6 81. Bc8 Nc3+ 82. Kf3 Ne5+ 83. Kg2 Ne4 84. Bd4 Nd6 85. Bd7 Ke7 86.
Ba4 Ng6 87. Bc5 Ke6 88. Bb3+ Ke5 89. Bd4+ Ke4 90. Kf2 Ne5 91. Bc2+ Kd5 92. Kg3
Ng6 93. Kf3 Ne4 94. Bb3+ Kd6 95. Bc2 Kd5 96. Ke2 Nf4+ 97. Kf3 Ng6 98. Bb3+ Kd6
99. Bc2 1/2-1/2

[Event "2nd Sharjah Masters 2018"]
[Site "Sharjah UAE"]
[Date "2018.04.18"]
[Round "8.15"]
[White "Darini, Pouria"]
[Black "Narayanan, S.L."]
[Result "1/2-1/2"]
[WhiteTitle "GM"]
[BlackTitle "GM"]
[WhiteElo "2478"]
[BlackElo "2568"]
[WhiteFideId "12502200"]
[BlackFideId "5058422"]
[EventDate "2018.04.12"]

1. e4 e5 2. Nf3 Nc6 3. d4 exd4 4. Nxd4 Nf6 5. Nxc6 bxc6 6. e5 Qe7 7. Qe2 Nd5 8.
c4 Nb6 9. Nc3 Qe6 10. Qe4 g6 11. Bd2 a5 12. Bd3 Bg7 13. O-O O-O 14. Rae1 Ba6 15.
b3 Rfe8 16. Qf3 Bxe5 17. Ne4 d6 18. Bxa5 f5 19. Ng5 Qf6 20. Qxc6 d5 21. Qxf6
Bxf6 22. Ne6 Bxc4 23. Bxb6 Bxd3 24. Nxc7 Rxe1 25. Rxe1 Bc3 26. Nxa8 Bxe1 27. Nc7
Bb1 28. Kf1 Bd2 29. Ke2 Bg5 30. a4 Bc2 31. a5 d4 32. Bxd4 Bd8 33. Be5 Bxb3 34.
Kd3 Kf7 35. Kd4 Bxc7 36. Bxc7 Ke6 37. Bf4 Bd5 38. f3 Bb7 39. Kc5 Kd7 40. Kb6 Bd5
41. Bh6 Bc6 42. h4 Bd5 43. a6 Bc6 44. Kc5 Ba8 45. Kd4 Ke6 46. Ke3 Bc6 47. Kf4
Bb5 48. a7 Bc6 49. Kg5 Bb7 50. Bg7 Kf7 51. Kh6 Kg8 52. Be5 Bc6 53. Bg3 Bd5 54.
h5 Kf7 55. Kxh7 gxh5 56. Kh6 Ke6 57. Kxh5 Bc6 58. Kg5 Bd5 59. Bf4 Bc6 60. g4
fxg4 61. fxg4 Kd7 62. Kf6 Kc8 63. g5 Kb7 1/2-1/2

[Event "2nd Sharjah Masters 2018"]
[Site "Sharjah UAE"]
[Date "2018.04.18"]
[Round "8.16"]
[White "Petrosyan, Manuel"]
[Black "Bharath, Subramaniyam H"]
[Result "1-0"]
[WhiteTitle "GM"]
[BlackTitle "CM"]
[WhiteElo "2560"]
[BlackElo "1997"]
[WhiteFideId "13300857"]
[BlackFideId "46634827"]
[EventDate "2018.04.12"]

1. Nf3 Nf6 2. c4 c5 3. Nc3 b6 4. g3 Bb7 5. Bg2 e6 6. O-O Be7 7. Re1 O-O 8. e4 d6
9. d4 cxd4 10. Nxd4 Qc8 11. Be3 a6 12. Rc1 Nbd7 13. f4 Re8 14. Bf2 g6 15. Nd5
exd5 16. cxd5 Qd8 17. Nc6 Bxc6 18. dxc6 Nc5 19. b4 Ne6 20. c7 Nxc7 21. Bxb6 Rc8
22. Bh3 Nd7 23. Ba5 d5 24. Qa4 f5 25. exf5 Bc5+ 26. bxc5 Rxe1+ 27. Rxe1 Nxc5 28.
Qd4 Qd6 29. Bc3 Ne8 30. Rxe8+ Rxe8 31. Qg7# 1-0

[Event "2nd Sharjah Masters 2018"]
[Site "Sharjah UAE"]
[Date "2018.04.18"]
[Round "8.18"]
[White "Amin, Bassem"]
[Black "Pranav, V"]
[Result "1-0"]
[WhiteTitle "GM"]
[WhiteElo "2700"]
[BlackElo "2366"]
[WhiteFideId "10601457"]
[BlackFideId "25060783"]
[EventDate "2018.04.12"]

1. Nf3 Nf6 2. g3 g6 3. Bg2 Bg7 4. O-O O-O 5. d3 d5 6. Nbd2 c5 7. e4 Nc6 8. c3 e6
9. Re1 b6 10. e5 Nd7 11. d4 cxd4 12. cxd4 Ba6 13. Nf1 h6 14. h4 Rc8 15. Ne3 f5
16. exf6 Nxf6 17. Bh3 Ne4 18. Bxe6+ Kh8 19. Bxd5 Nxf2 20. Kxf2 Nxd4 21. Kg2 Nxf3
22. Bxf3 Qf6 23. Ng4 Qf5 24. Be4 Qc5 25. Bf4 Rxf4 26. gxf4 Qb4 27. Rc1 Rf8 28.
Qf3 Qd2+ 29. Qf2 Qd7 30. Qg3 Qd2+ 31. Nf2 Be2 32. Qxg6 Qxf4 33. Qh7# 1-0

[Event "2nd Sharjah Masters 2018"]
[Site "Sharjah UAE"]
[Date "2018.04.18"]
[Round "8.19"]
[White "Kravtsiv, Martyn"]
[Black "Dixit, Nikhil"]
[Result "1-0"]
[WhiteTitle "GM"]
[WhiteElo "2680"]
[BlackElo "2285"]
[WhiteFideId "14113147"]
[BlackFideId "5059534"]
[EventDate "2018.04.12"]

1. e4 g6 2. d4 Bg7 3. Nc3 c6 4. f4 d5 5. e5 Nh6 6. Nf3 f6 7. Bd3 Bg4 8. h3 Bxf3
9. Qxf3 O-O 10. h4 fxe5 11. dxe5 Nd7 12. Qg3 Nf5 13. Qh3 Nc5 14. h5 Nxd3+ 15.
cxd3 gxh5 16. g4 Nd4 17. Kd1 Qe8 18. Be3 Qg6 19. Bxd4 hxg4 20. Qg3 Rf5 21. Ne2
b6 22. Kd2 c5 23. Bf2 Raf8 24. d4 h5 25. Qd3 c4 26. Qc2 b5 27. Ng3 Bh6 28. Be3
b4 29. Rxh5 c3+ 30. bxc3 bxc3+ 31. Kd1 Bg5 32. Rxg5 Rxg5 33. fxg5 Qc6 34. Ke1
Rf3 35. Bf2 Qb6 36. Rb1 Rxf2 37. Kxf2 Qxd4+ 38. Kg2 1-0

[Event "2nd Sharjah Masters 2018"]
[Site "Sharjah UAE"]
[Date "2018.04.18"]
[Round "8.20"]
[White "Puranik, Abhimanyu"]
[Black "Aditya, Mittal"]
[Result "1-0"]
[WhiteTitle "GM"]
[BlackTitle "CM"]
[WhiteElo "2520"]
[BlackElo "2212"]
[WhiteFideId "5061245"]
[BlackFideId "35042025"]
[EventDate "2018.04.12"]

1. Nf3 d5 2. g3 Nf6 3. Bg2 g6 4. c4 c6 5. b3 Bg7 6. Bb2 O-O 7. O-O Nbd7 8. d4
Ne4 9. e3 Ndf6 10. Ne5 Nd7 11. Nd3 b6 12. Nd2 Nxd2 13. Qxd2 Bb7 14. Rac1 e6 15.
Rc2 Qe7 16. Rfc1 Rac8 17. a4 Rfd8 18. a5 Nf6 19. cxd5 Nxd5 20. e4 Nf6 21. a6 Ba8
22. Qe3 Nd7 23. b4 b5 24. Nc5 Nb6 25. Bf1 Rb8 26. e5 Nd5 27. Qa3 h5 28. Bg2 Bh6
29. Rd1 Nb6 30. Bc1 Bg7 31. Bf3 Nc4 32. Qc3 Nb6 33. Qb3 Rdc8 34. h4 Nc4 35. Bg5
Qc7 36. g4 hxg4 37. Bxg4 Bf8 38. h5 gxh5 39. Bxh5 Bg7 40. Qg3 f6 41. Bxf6 Kh8
42. Nxe6 Bxf6 43. Nxc7 Rg8 44. Bg6 1-0

[Event "2nd Sharjah Masters 2018"]
[Site "Sharjah UAE"]
[Date "2018.04.18"]
[Round "8.21"]
[White "Kowsarinia, Amir"]
[Black "Haddouche, Mohamed"]
[Result "0-1"]
[WhiteTitle "FM"]
[BlackTitle "GM"]
[WhiteElo "2316"]
[BlackElo "2506"]
[WhiteFideId "12500089"]
[BlackFideId "7900660"]
[EventDate "2018.04.12"]

1. d4 Nf6 2. c4 d6 3. Nc3 Nbd7 4. Nf3 e5 5. g3 c6 6. Bg2 Be7 7. O-O O-O 8. Qc2
a6 9. b3 Re8 10. Bb2 Bf8 11. dxe5 dxe5 12. Rad1 Qc7 13. Nd2 Nc5 14. Nde4 Nfxe4
15. Nxe4 f5 16. Ng5 a5 17. Nf3 g6 18. Qc1 Bg7 19. Ba3 b6 20. Qe3 Qe7 21. Ne1 e4
22. f3 Ra7 23. fxe4 fxe4 24. Nc2 Rd7 25. Nd4 Rd6 26. Nc2 Bf5 27. Kh1 Qd7 28. Qc1
Bg4 29. Bxc5 bxc5 30. Rxd6 Qxd6 31. Qf4 Qe6 32. Qd2 a4 33. bxa4 Qxc4 34. Qf4
Bxe2 35. Ne3 Qxa2 36. Re1 Bd3 37. Ng4 Qxa4 38. Nf2 Rf8 39. Qd2 Qb4 40. Qxb4 cxb4
41. Nxe4 b3 42. Nc5 Bc2 43. Bxc6 b2 44. Bd5+ Kh8 45. Ba2 Ra8 46. Bd5 Ra1 0-1

[Event "2nd Sharjah Masters 2018"]
[Site "Sharjah UAE"]
[Date "2018.04.18"]
[Round "8.22"]
[White "Gagare, Shardul"]
[Black "Aradhya, Garg"]
[Result "1-0"]
[WhiteTitle "GM"]
[WhiteElo "2502"]
[BlackElo "2218"]
[WhiteFideId "5037883"]
[BlackFideId "25006746"]
[EventDate "2018.04.12"]

1. Nf3 Nf6 2. g3 d5 3. Bg2 Nc6 4. d4 Bf5 5. O-O Nb4 6. Na3 e6 7. c3 Nc6 8. c4
Bxa3 9. cxd5 Nxd5 10. bxa3 O-O 11. Ne5 Nxe5 12. dxe5 Bg6 13. Qb3 Qc8 14. e4 Nb6
15. f4 Bh5 16. Re1 c5 17. h3 f6 18. exf6 gxf6 19. g4 Bf7 20. e5 c4 21. Qg3 Qd8
22. Kh2 Qd3 23. Re3 Qd4 24. Rb1 c3 25. Rd3 c2 26. Rb2 Qa4 27. exf6 Rac8 28. f5
Qc4 29. Rd2 Qa4 30. Qe3 Kh8 31. fxe6 Bxe6 32. Rb4 Qe8 33. Qf2 Qg6 34. Rf4 Bxa2
35. Be4 Qf7 36. Rxc2 Bb3 37. Rxc8 Rxc8 38. Bb2 Bd5 39. Bd3 Nc4 40. Bd4 Nxa3 41.
g5 Kg8 42. g6 hxg6 43. Qg1 Rc2+ 44. Bxc2 Nxc2 45. Be5 Qe8 46. Qg5 Kf7 47. Rh4
Ke6 48. Qg4+ Kf7 49. Rh7+ Kg8 50. Rg7+ Kf8 51. Bd6+ 1-0

[Event "2nd Sharjah Masters 2018"]
[Site "Sharjah UAE"]
[Date "2018.04.18"]
[Round "8.23"]
[White "Yakubboev, Nodirbek"]
[Black "Mullick, Raahil"]
[Result "1-0"]
[WhiteTitle "IM"]
[BlackTitle "CM"]
[WhiteElo "2482"]
[BlackElo "2053"]
[WhiteFideId "14203987"]
[BlackFideId "35080350"]
[EventDate "2018.04.12"]

1. d4 d5 2. Nf3 Nf6 3. c4 c6 4. e3 Bf5 5. Nc3 e6 6. Nh4 Be4 7. Qb3 Qc7 8. f3 Bg6
9. Bd2 Be7 10. cxd5 cxd5 11. Nxg6 hxg6 12. O-O-O Nc6 13. Kb1 Rc8 14. Rc1 Nd7 15.
Bd3 Qb6 16. Qd1 a6 17. Ne2 O-O 18. Ka1 e5 19. Bc3 Bf6 20. Bb1 exd4 21. exd4 Qa7
22. h4 Rfd8 23. Qd3 Nf8 24. g4 Ne6 25. Rcd1 Kf8 26. g5 Be7 27. f4 Ke8 28. f5
gxf5 29. Qxf5 g6 30. Qf2 b5 31. h5 gxh5 32. g6 Kd7 33. gxf7 Rf8 34. Rxh5 Ncd8
35. Rxd5+ Kc7 36. Qg3+ Kb6 37. Re5 Qc7 38. Qe3 Rxf7 39. Rxe6+ Nxe6 40. Qxe6+ Bd6
41. Bb4 Rd8 42. Bc5+ Kb7 43. Be4+ Kb8 44. Qd5 Kc8 45. Bb6 Qxb6 46. Qxf7 Bc7 47.
Rc1 Kb8 48. Rc6 Qa5 49. b4 1-0

[Event "2nd Sharjah Masters 2018"]
[Site "Sharjah UAE"]
[Date "2018.04.18"]
[Round "8.24"]
[White "Arjun, Kalyan"]
[Black "Raahul, V S"]
[Result "1-0"]
[WhiteElo "2397"]
[BlackElo "2258"]
[WhiteFideId "35018701"]
[BlackFideId "25035525"]
[EventDate "2018.04.12"]

1. e4 e5 2. Nf3 Nc6 3. Bb5 a6 4. Ba4 Nf6 5. O-O b5 6. Bb3 Bb7 7. Re1 Bc5 8. c3
d6 9. d4 Bb6 10. Be3 O-O 11. Nbd2 exd4 12. cxd4 Nb4 13. Qe2 c5 14. a3 Nc6 15. d5
Nd4 16. Nxd4 cxd4 17. Bg5 h6 18. Bh4 g5 19. Bg3 Qe7 20. a4 bxa4 21. Bxa4 Nd7 22.
Bxd6 Qxd6 23. Nc4 d3 24. Nxd6 dxe2 25. Nxb7 Ne5 26. Nd6 Bxf2+ 27. Kxf2 Nd3+ 28.
Kxe2 Nxe1 29. Rxe1 Rab8 30. b3 Kh7 31. Kd3 Rb6 32. e5 Rbb8 33. Rf1 Rbd8 34. Rf6 1-0

[Event "2nd Sharjah Masters 2018"]
[Site "Sharjah UAE"]
[Date "2018.04.18"]
[Round "8.26"]
[White "Mohannad, Farhan"]
[Black "Sadhwani, Raunak"]
[Result "0-1"]
[WhiteTitle "FM"]
[BlackTitle "FM"]
[WhiteElo "2219"]
[BlackElo "2358"]
[WhiteFideId "8100918"]
[BlackFideId "35093487"]
[EventDate "2018.04.12"]

1. d4 Nf6 2. c4 g6 3. Nc3 Bg7 4. e4 d6 5. Nf3 O-O 6. Be2 e5 7. d5 a5 8. Bg5 h6
9. Bh4 g5 10. Bg3 Nh5 11. O-O Nf4 12. Nd2 Qe8 13. Rb1 f5 14. exf5 Bxf5 15. Nde4
Qg6 16. f3 Nd7 17. Rc1 h5 18. Nb5 Rac8 19. Bxf4 exf4 20. Nd4 Bxe4 21. fxe4 Bxd4+
22. Qxd4 b6 23. Qd2 Ne5 24. a3 Rf7 25. b4 axb4 26. axb4 Rcf8 27. c5 bxc5 28.
bxc5 g4 29. cxd6 cxd6 30. Ba6 f3 31. Rc8 h4 32. Qe3 Kg7 33. Rxf8 Rxf8 34. Qd4
Rf4 35. Qa7+ Rf7 36. Qd4 Rc7 37. Rf2 Kh7 38. g3 Qh6 39. Bf1 Rc1 40. Qa7+ Kg6 41.
Qe7 Qe3 42. Qxd6+ Kf7 43. Qe6+ Kf8 44. Qf6+ Nf7 45. Qf4 Qxf4 46. gxf4 Nd6 47. h3
g3 48. Rxf3 Nxe4 49. Rd3 Nd6 50. Re3 Nf5 51. Rd3 Re1 52. d6 Ne3 53. Rxe3 Rxe3
54. Bb5 Rf3 0-1

[Event "2nd Sharjah Masters 2018"]
[Site "Sharjah UAE"]
[Date "2018.04.18"]
[Round "8.29"]
[White "Grivas, Efstratios"]
[Black "Sun, Chao"]
[Result "1/2-1/2"]
[WhiteTitle "GM"]
[WhiteElo "2468"]
[BlackElo "2041"]
[WhiteFideId "4200039"]
[BlackFideId "8622990"]
[EventDate "2018.04.12"]

1. Nf3 Nf6 2. c4 e6 3. Nc3 d5 4. d4 Bb4 5. cxd5 exd5 6. Bg5 h6 7. Bxf6 Qxf6 8.
Qb3 Bxc3+ 9. Qxc3 c6 10. e3 O-O 11. Bd3 Bf5 12. Bxf5 Qxf5 13. O-O Nd7 14. b4 Nf6
15. a4 a6 16. b5 axb5 17. axb5 cxb5 18. Qb3 Rfc8 19. Rxa8 Rxa8 20. Qxb5 Qd7 21.
Qxd7 Nxd7 22. Rb1 b6 23. g3 Ra2 24. Ne5 Nxe5 25. dxe5 Ra4 26. Rxb6 Re4 27. Rb8+
Kh7 28. Rb5 Rxe5 29. Kf1 g5 30. h3 h5 31. g4 hxg4 32. hxg4 Re4 33. Rxd5 Rxg4 34.
f3 Ra4 35. Rxg5 Kh6 36. Rg8 Ra2 37. Rg2 Ra3 38. Kf2 f6 39. Rg8 Kh7 40. Rg1 Ra2+
41. Kg3 Kg6 42. Kf4+ Kf7 43. Rd1 Ra5 44. e4 Kg6 45. Kg4 Rg5+ 46. Kf4 Ra5 47. Rd8
Rb5 48. Rd5 Rb1 49. Ra5 Rb4 50. Ra6 Rb5 51. Kg3 Re5 52. Ra4 Rb5 53. f4 Rb6 54.
Kg4 Rb1 55. Ra6 Rg1+ 56. Kf3 Kf7 57. Ra7+ Kf8 58. Rc7 Ke8 59. Ke3 Kf8 60. Kd4
Rf1 61. f5 Rd1+ 62. Kc5 Ke8 63. Rb7 Kf8 64. Rb4 Ke7 65. Rb7+ Ke8 66. Rb6 Ke7 67.
Re6+ Kf7 68. Rd6 Rc1+ 69. Kd5 Ke7 70. Re6+ Kf7 71. Rc6 Rd1+ 72. Kc5 Ke7 73. Rc7+
Ke8 74. Ra7 Kf8 75. Kc4 Ke8 76. Kc3 Kf8 77. Ra4 Ke7 78. Kc2 Rd8 79. Kc3 Rd1 80.
Rd4 Ra1 81. Kc4 Ra4+ 82. Kc5 Ra1 83. Rb4 Rd1 84. Kc6 Rc1+ 85. Kd5 Rd1+ 86. Rd4
Ra1 87. Rb4 Rd1+ 88. Kc4 Kd6 89. Rb7 Ke5 90. Re7+ Kf4 91. Re6 Rd2 92. Kc5 Rd1
93. Rd6 Re1 94. Rxf6 Rxe4 95. Kd6 Re5 96. Rf8 Rxf5 97. Rxf5+ Kxf5 98. Kd5 1/2-1/2

[Event "2nd Sharjah Masters 2018"]
[Site "Sharjah UAE"]
[Date "2018.04.18"]
[Round "8.30"]
[White "Nyazi, Nehad"]
[Black "Tahbaz, Arash"]
[Result "1/2-1/2"]
[BlackTitle "IM"]
[WhiteElo "2213"]
[BlackElo "2434"]
[WhiteFideId "10601988"]
[BlackFideId "12528846"]
[EventDate "2018.04.12"]

1. d4 g6 2. c4 Bg7 3. e4 e6 4. Nc3 Ne7 5. Nf3 d5 6. Bg5 h6 7. Bxe7 Qxe7 8. cxd5
exd5 9. Nxd5 Qxe4+ 10. Qe2 Qxe2+ 11. Bxe2 Kd8 12. Ne5 Rf8 13. O-O-O Nd7 14. Bc4
c6 15. Nf4 Nxe5 16. dxe5+ Kc7 17. Rhe1 g5 18. Nh5 Bh8 19. Nf6 Bf5 20. g4 Be6 21.
Bxe6 fxe6 22. Rd7+ Kb6 23. Re3 Bxf6 24. Rb3+ Ka6 25. Ra3+ Kb6 26. Rb3+ Ka6 27.
exf6 Rxf6 28. Ra3+ Kb6 29. Rb3+ Ka6 30. Ra3+ 1/2-1/2